| 000 | 01862nam a2200289Ia 4500 | ||
|---|---|---|---|
| 999 |
_c55241 _d55241 |
||
| 001 | 22317 | ||
| 003 | GE_BSU | ||
| 005 | 20230309172155.0 | ||
| 008 | 181216s||||||||xx |||||||||||||| ||und|| | ||
| 020 | _aISBN:978-9941-18-122-1 | ||
| 040 | _cGE_BSU | ||
| 041 | _ageo | ||
| 080 | _a32(47+57) რ-22 | ||
| 100 |
_aრედევეი, პიტერ _917156 |
||
| 245 |
_aსაბჭოთა პოლიტიკა განსხვავებული აზრის მიმართ და მისი მოდელები 1953-1986 წწ. = Patterns in soviet policies towards dissent 1953-1986 / _cპიტერ რედევეი ; მთარგმნ. ნინო ბარძიმიშვილი-რაზმაძე ; რედ. ნატალია ვაჩეიშვილი. |
||
| 264 |
_aთბილისი : _bილიას სახელმწ. უნ-ტი, _c2012. |
||
| 300 |
_a117 გვ. ; _c20 სმ. |
||
| 500 | _aტექსტი, ყდა ქართულ და ინგლისურ ენებზე | ||
| 504 | _a ბიბლიოგრაფია ტექსტების შენიშვნებსა და გვ. 115-117 | ||
| 541 | _h7ლ.60თ. | ||
| 653 | _aპოლიტიკა | ||
| 653 | _aსაბჭოთა პოლიტიკა განსხვავებული აზრის მიმართ და მისი მოდელები 1953-1986 წწ. = Patterns in soviet policies towards dissent: 1953-1986 | ||
| 653 | _aსაბჭოთა პოლიტიკა | ||
| 700 |
_aბარძიმიშვილი-რაზმაძე, ნინო _eმთარგმნელი _917157 |
||
| 700 |
_aვაჩეიშვილი, ნატალია _eრედაქტორი _99116 |
||
| 942 |
_cBK _2udc |
||